000 00286nam a2200121 a 4500
008 101214s1981|||| d
100 1 _aKratochvíl, Jirí
245 1 0 _aŠkola hry na klarinet
260 _bEditio supraphon
_aPraha
_c1981
020 _c23
041 _aces
044 _aCZ
999 _c14231
_d14231